| 000 | 00461nam a2200181Ia 4500 | ||
|---|---|---|---|
| 008 | 230917s9999||||xx |||||||||||||| ||und|| | ||
| 020 | _cRS350 | ||
| 040 |
_e235026 _aMAIN |
||
| 041 | _aEnglish | ||
| 082 | _a615.19 A15P(2) | ||
| 100 | _aAgarwal, S P | ||
| 245 | 0 | _aPhysical pharmacy | |
| 250 | _a2nd ed. | ||
| 260 |
_aNew Delhi _bCBS Publishers _c2015 |
||
| 300 | _aix, 330 p. | ||
| 500 | _a2398 05/10/2016 HBD16/6684 06/10/2016 Main Budget | ||
| 942 | _cBK | ||
| 999 |
_c19354 _d19354 |
||